All deaths in Harry Potter - Statistics

General Stats
  • This quiz has been taken 523 times
  • The average score is 42 of 68
Answer Stats
Hint Answer % Correct
Albus Dumbledore
95%
Fred Weasley
92%
J James Potter
92%
L Lily Potter
92%
Lord Voldemort
92%
S Sirius Black
92%
Remus Lupin
91%
Bellatrix Lestrange
87%
Nymphadora Tonks
87%
Q Quirinus Quirrell
86%
Severus Snape
85%
Alastor Moody
84%
Dobby
84%
Ariana Dumbledore
83%
C Cedric Diggory
83%
Peter Pettigrew
81%
Ted Tonks
78%
Hedwig
76%
K Kendra Dumbledore
74%
Lavender Brown
74%
R Regulus Black
74%
T Tom Riddle Sr.
72%
P Percival Dumbledore
71%
Colin Creevey
70%
Aragog
66%
Nagini
66%
V Vincent Crabbe
65%
Bathilda Bagshot
64%
Marvolo Gaunt
63%
Moaning Myrtle
63%
Helena Ravenclaw
62%
N Sir Nicholas (Nearly Headless Nick)
62%
Morfin Gaunt
61%
I Igor Karkaroff
59%
Rowena Ravenclaw
59%
Bloody Baron
58%
H Helga Hufflepuff
58%
Rufus Scrimgeour
58%
Salazar Slytherin
58%
G Godric Gryffindor
57%
Amelia Bones
55%
Merope Riddle
55%
Frank Bryce
54%
Gellert Grindelwald
54%
Bertha Jorkins
51%
Charity Burbage
49%
Hepzibah Smith
49%
Ignotus Peverell
49%
Antioch Peverell
47%
Cadmus Peverell
47%
F Fabian Prewett
47%
Gideon Prewett
47%
Gregorovitch
47%
Basilisk
44%
Evan Rosier
44%
M Marlene McKinnon
44%
E Edgar Bones
43%
Emmeline Vance
43%
Broderick Bode
41%
Mrs. Abbott
41%
Bogrod
40%
Florean Fortescue
40%
D Dirk Cresswell
37%
Scabior
36%
B Professor Binns
34%
A Armando Dippett
32%
Gornuk
30%
Montgomery
18%
No matching quizzes found
Score Distribution
Percent of People with Each Score
Percentile by Number Answered
Your Score History
You have not taken this quiz